Controle externo e as mutações do direito público, licitações e contratos : (Record no. 257)

MARC details
000 -LÍDER
Campo Fixo de Controle 01143nam a22002897a 4500
001 - NÚMERO DE CONTROLE
Campo de Controle 257
003 - IDENTIFICAÇÃO DO NÚMERO DE CONTROLE
Campo de Controle BR-CuiBMT
005 - DATA E HORA DA ÚLTIMA ATUALIZAÇÃO
Campo de Controle 20231113231415.0
008 - DADOS FIXOS
Dados Fixos 230914b2023 mgbaaaa 000 0 por d
020 ## - INTERNATIONAL STANDARD BOOK NUMBER
Nº do ISBN 9786555185027
040 ## - AGÊNCIA CATALOGADORA
Código da Agência Catalogadora BR-CuiBMT
Agência que transcreveu o registro BR-CuiBMT
080 ## - Nº DA CLASSIFICAÇÃO DECIMAL UNIVERSAL
Nº Class. CDU 342.922:351.712.2.02
Nº edição CDU 2007
090 ## - NÚMERO DE CHAMADA
Nº classificação 342.922:351.712.2.02
Cutter C764
245 00 - TÍTULO PRINCIPAL
Título principal Controle externo e as mutações do direito público, licitações e contratos :
Subtítulo estudos de ministros e conselheiros substitutos dos Tribunais de Contas /
Indicação de responsabilidade Luiz Henrique Lima, Daniela Zago Gonçalves da Cunda, Heloísa Helena Antonacio Monteiro Godinho, coordenadores.
260 ## - PUBLICAÇÃO, DISTRIBUIÇÃO, ETC.
Local de publicação Belo Horizonte :
Editora Fórum,
Data 2023.
300 ## - DESCRIÇÃO FÍSICA
N. páginas ou volumes 267 p. :
Ilustrações il. ;
Dimensões 22 cm
504 ## - NOTA DE BIBLIOGRAFIA, ETC.
Nota de bibliografia Inclui bibliografia.
650 ## - ASSUNTO TÓPICO
Cabeçalho tópico ou nome geográfico Direito administrativo
650 ## - ASSUNTO TÓPICO
Cabeçalho tópico ou nome geográfico Licitações
Subdivisão geral Administração pública
650 ## - ASSUNTO TÓPICO
Cabeçalho tópico ou nome geográfico Contratos
Subdivisão geral Administração pública
650 ## - ASSUNTO TÓPICO
Cabeçalho tópico ou nome geográfico Direito público
650 ## - ASSUNTO TÓPICO
Cabeçalho tópico ou nome geográfico Direito financeiro
700 ## - ENTRADA SECUNDÁRIA -- NOME PESSOAL
Nome pessoal Lima, Luiz Henrique
Cód. do termo explicativo coord.
700 ## - ENTRADA SECUNDÁRIA -- NOME PESSOAL
Nome pessoal Cunda, Daniela Zago Gonçalves da
Cód. do termo explicativo coord.
700 ## - ENTRADA SECUNDÁRIA -- NOME PESSOAL
Nome pessoal Godinho, Heloísa Helena Antonacio Monteiro
Cód. do termo explicativo coord.
942 ## - ELEMENTOS DE ENTRADA ADICIONAIS (KOHA)
Fonte de classificação ou esquema de arquivamento Classificação Decimal Universal
Tipo de item do Koha Livros
Holdings
Estado: removido Estado: perdido Fonte de classificação ou esquema de arquivamento Estado: danificado Indisponível para empréstimo Localização permanente Localização atual Data de aquisição Total Checkouts Número de Chamada completo Código de barras Date last seen Número do exemplar Preço efetivo a partir de Tipo de item (Koha)
    Classificação Decimal Universal     Biblioteca da Escola Superior de Contas do TCE/MT Biblioteca da Escola Superior de Contas do TCE/MT 28/07/2023   342.922:351.712.2.02 C764 BIBTCEMT23090039 14/09/2023 Ex. 1 14/09/2023 Livros
    Classificação Decimal Universal     Biblioteca da Escola Superior de Contas do TCE/MT Biblioteca da Escola Superior de Contas do TCE/MT 28/07/2023   342.922:351.712.2.02 C764 BIBTCEMT23090074 26/09/2023 Ex. 2 26/09/2023 Livros
    Classificação Decimal Universal     Biblioteca da Escola Superior de Contas do TCE/MT Biblioteca da Escola Superior de Contas do TCE/MT 28/07/2023   342.922:351.712.2.02 C764 BIBTCEMT23090075 26/09/2023 Ex. 3 26/09/2023 Livros
    Classificação Decimal Universal     Biblioteca da Escola Superior de Contas do TCE/MT Biblioteca da Escola Superior de Contas do TCE/MT 28/07/2023   342.922:351.712.2.02 C764 BIBTCEMT23110331 09/11/2023 Ex. 4 09/11/2023 Livros

Powered by Koha